000 00650nam a2200253Ia 4500
003 OSt
005 20220924143707.0
006 a|||||r|||| 00| 0
007 ta
008 220923b |||||||| |||| 00| 0 urd d
020 _c250.00
024 _a309587
037 _cTextual
040 _aARTS
_cARTS
_burd
041 _2urd
_aurd
082 _aO168v211,N9, M8
100 _aNaweedi Aleem Saba
_9216602
245 0 _aTamilnadu mein urdu 1824 to 1986
260 _c1988
300 _a433p.
_ccm.
650 _aURDU LITERATURE
942 _hO168v211,N9, M8
_cTEXL
_2CC
999 _c455402
_d455402